COORDINATE GEOMETRY FOR IIT-JEE/ AIEEE : based on new examination pattern (Record no. 1144)

MARC details
000 -LEADER
fixed length control field 00477nam a22001697a 4500
005 - DATE AND TIME OF LATEST TRANSACTION
control field 20240923103319.0
008 - FIXED-LENGTH DATA ELEMENTS--GENERAL INFORMATION
fixed length control field 160519b xxu||||| |||| 00| 0 eng d
020 ## - INTERNATIONAL STANDARD BOOK NUMBER
ISBN 978-81-908762-4-7
041 ## - LANGUAGE CODE
Language code of text/sound track or separate title eng
082 ## - DEWEY DECIMAL CLASSIFICATION NUMBER
Item number 3339
Classification number 516.3
100 ## - MAIN ENTRY--AUTHOR NAME
Personal name SINHA, DR. K.C
245 ## - TITLE STATEMENT
Title COORDINATE GEOMETRY FOR IIT-JEE/ AIEEE : based on new examination pattern
260 ## - PUBLICATION, DISTRIBUTION, ETC. (IMPRINT)
Name of publisher EDUWISER PUBLISHING GROUP
Year of publication 2010
300 ## - PHYSICAL DESCRIPTION
Number of Pages 8.25;P
650 ## - SUBJECT ADDED ENTRY--TOPICAL TERM
Topical Term DIPLOMA ENGINEERING
942 ## - ADDED ENTRY ELEMENTS (KOHA)
Koha item type Books
Holdings
Lost status Damaged status Collection code Home library Current library Shelving location Date acquired Cost, normal purchase price Full call number Accession Number Koha item type Source of acquisition
    Reference JRU Library   SHELF-72-C 19/05/2016 340.00 515.9 3339 Books  
    Reference JRU Library JRU Library SHELF-6-D 19/05/2016 340.00 515.9 3340 Books PURCHASE